Copyright Act, 1987 [Act 332] and Regulations & Orders (as at 1st June 2007

Bibliographic Details
Corporate Authors: Malaysia, Legal Research Board International Law Book Services
Format: Book
Language:English
Published: Selangor : International Law Book Services , 2007
Subjects:

MARC

LEADER 00000cam a2200000 7i4500
001 0000022229
005 20090107.0
008 081126 my eng
020 |a 9678914395 
040 |a INS 
090 0 0 |a KPG1104.A31987   |b M35 2007 
110 1 |a Malaysia 
240 0 0 |a Copyright Act 1987 [Act 332] 
245 1 0 |a Copyright Act, 1987 [Act 332] and Regulations & Orders (as at 1st June 2007   |c compiled by Legal Research Board) 
260 |a Selangor :   |b International Law Book Services ,   |c 2007 
300 |a 128p. ;   |c 25 cm. 
650 0 0 |a Copyright infringement   |z Malaysia 
650 0 0 |a Copyright   |z Malaysia 
710 1 |a Legal Research Board   |a International Law Book Services 
740 0 |a Laws of Malaysia 
999 |a 0000020315   |b BOOK   |c Open Shelf   |e Default branch